Малая теория всего, или Искусство знать (Запись № 11976038)

Подробности
000 -МАРКЕР
контрольное поле 01752nam0a2200361 i 4500
001 - ИДЕНТИФИКАТОР ЗАПИСИ
контрольное поле RU\NLR\BIBL_A\011211664
005 - ИДЕНТИФИКАТОР ВЕРСИИ
контрольное поле 20260407070139.0
010 ## - МЕЖДУНАРОДНЫЙ СТАНДАРТНЫЙ НОМЕР КНИГИ (ISBN)
Номер (ISBN) 9785946200868
021 ## - НОМЕР ГОСУДАРСТВЕННОЙ РЕГИСТРАЦИИ
Код страны Российская Федерация
Номер 2016-66442
Номер Листа государственной регистраци 4256
035 ## - ДРУГИЕ СИСТЕМНЫЕ НОМЕРА
Идентификатор записи (NLR Aleph) 011211664
100 ## - ДАННЫЕ ОБЩЕЙ ОБРАБОТКИ
Данные общей обработки 20160913d2013 u y0rusy50 ca
101 0# - ЯЗЫК РЕСУРСА
Язык текста, звукозаписи и т.д. русский
-- английский
102 ## - СТРАНА ПУБЛИКАЦИИ ИЛИ ПРОИЗВОДСТВА
Страна публикации Российская Федерация
105 ## - ПОЛЕ КОДИРОВАННЫХ ДАННЫХ: ТЕКСТОВЫЕ МАТЕРИАЛЫ, МОНОГРАФИЧЕСКИЕ
Кодированные данные о монографическом текстовом документе ac z 000zy
200 1# - ЗАГЛАВИЕ И СВЕДЕНИЯ ОБ ОТВЕТСТВЕННОСТИ
Основное заглавие Малая теория всего, или Искусство знать
Сведения, относящиеся к заглавию коллекция анимационных фильмов на DVD
Первые сведения об ответственности Гос. центр современ. искусства (ГЦСИ)
Последующие сведения об ответственности [ред.: Елена Гаревская]
210 ## - ПУБЛИКАЦИЯ, РАСПРОСТРАНЕНИЕ И ДР.
Место издания, распространения и т.д. Москва
Имя издателя, распространителя и т. д. Государственный центр современного искусства
Дата издания, распространения и т.д. 2013
215 ## - ФИЗИЧЕСКАЯ ХАРАКТЕРИСТИКА
Специфическое обозначение материала и объем [48] с.
Другие сведения о физической характеристике ил., цв. ил., портр.
Размеры 21
Сопроводительный материал 1 электрон. опт. диск (DVD-ROM)
225 1# - СЕРИЯ
Основное заглавие серии Программа Детские мастерские
300 ## - ОБЩИЕ ПРИМЕЧАНИЯ
Текст примечания Часть текста на англ. яз.
517 1# - ДРУГИЕ ВАРИАНТЫ ЗАГЛАВИЯ
Вариант заглавия Искусство знать
606 ## - НАИМЕНОВАНИЕ ТЕМЫ КАК ПРЕДМЕТ
Наименование темы Мультипликационное кино
Тематический подзаголовок Изучение в учреждениях дополнительного образования детей
Системный номер авторитетной/нормативной записи 2142472
Идентификатор авторитетной/нормативной записи RU\NLR\AUTH\661595713
606 ## - НАИМЕНОВАНИЕ ТЕМЫ КАК ПРЕДМЕТ
Наименование темы Детское киноискусство
Системный номер авторитетной/нормативной записи 2155814
Идентификатор авторитетной/нормативной записи RU\NLR\AUTH\661602540
686 1# - ИНДЕКСЫ ДРУГИХ КЛАССИФИКАЦИЙ
Индекс Щ378
686 1# - ИНДЕКСЫ ДРУГИХ КЛАССИФИКАЦИЙ
Индекс Ч421.385.354.16
686 1# - ИНДЕКСЫ ДРУГИХ КЛАССИФИКАЦИЙ
Индекс Ч421.355
702 #1 - ИМЯ ЛИЦА - ВТОРИЧНАЯ ОТВЕТСТВЕННОСТЬ
Начальный элемент ввода Гаревская
Часть имени, кроме начального элемента ввода Е.
Расширение инициалов личного имени Елена
Код отношения Редактор
712 02 - НАИМЕНОВАНИЕ ОРГАНИЗАЦИИ - ВТОРИЧНАЯ ОТВЕТСТВЕННОСТЬ
Код отношения Прочие
Начальный элемент ввода Государственный центр современного искусства
Идентифицирующий признак Москва
Системный номер авторитетной/нормативной записи 565749
Идентификатор авторитетной/нормативной записи RU\NLR\AUTH\8810033636
942 ## - ДОПОЛНИТЕЛЬНЫЕ ЭЛЕМЕНТЫ ЗАПИСИ (АБИС)
Тип экземпляра АБИС Книга
980 ## - КОЛЛЕКЦИЯ
Название коллекции НБР

Нет доступных экземпляров.